Statistics for Every NASCAR Cup Series Champion by Picture

Click here to take the quiz!

General Stats

  • This quiz has been taken 12 times
  • The average score is 28 of 36

Answer Stats

Answer% Correct
Dale Earnhardt
100%
Jeff Gordon
100%
Richard Petty
100%
Alan Kulwicki
90%
Bill Elliott
90%
Bobby Labonte
90%
Brad Keselowski
90%
Chase Elliott
90%
Jimmie Johnson
90%
Joey Logano
90%
Kevin Harvick
90%
Kyle Busch
90%
Kyle Larson
90%
Martin Truex Jr.
90%
Matt Kenseth
90%
Tony Stewart
90%
Bobby Allison
80%
Darrell Waltrip
80%
Kurt Busch
80%
Ryan Blaney
80%
Cale Yarborough
70%
Dale Jarrett
70%
David Pearson
70%
Red Byron
70%
Rusty Wallace
70%
Terry Labonte
70%
Benny Parsons
60%
Bobby Isaac
60%
Buck Baker
60%
Lee Petty
60%
Tim Flock
60%
Bill Rexford
50%
Herb Thomas
50%
Ned Jarrett
50%
Rex White
50%
Joe Weatherly
40%

Score Distribution

Percentile by Number Answered

Percent of People with Each Score

Your Score History

You have not taken this quiz